Teplotné závislosti diagnostických veličín izolačných systémov

Na minha lista:
Detalhes bibliográficos
Autor principal: Gonda, Arpád (Author)
Outros Autores: Šandrik, Pavol, 1938- (Thesis advisor)
Formato: Manuscrito Livro
Idioma:eslovaco
Publicado em: Bratislava : STU v Bratislave FEI, 2003
Assuntos:
Tags: Adicionar Tag
Sem tags, seja o primeiro a adicionar uma tag!

MARC

LEADER 00000ntm a22000003a 4500
001 stu81087
005 20160719164737.2
008 030620s2003------------------------slo-d
040 |a STU  |b slo 
041 0 |a slo 
100 1 |a Gonda, Arpád  |4 aut 
245 1 |a Teplotné závislosti diagnostických veličín izolačných systémov 
260 |a Bratislava :  |b STU v Bratislave FEI,  |c 2003 
300 |a 47 s 
650 7 |a Elektroenergetické a silnoprúdové inžinierstvo  |2 stusub 
700 1 |a Šandrik, Pavol,  |d 1938-  |4 ths  |u E130  |U FEI Fakulta elektrotechniky a informatiky  |T FEI Katedra elektroenergetiky  |X 4259  |U E130  |Y 59  |7 A000004259